000 00256nam a2200109Ia 4500
005 20251222143148.0
008 251222s9999||||xx |||||||||||||| ||spa||
082 _a363.96/I59
245 0 _aFecundidad y Pobreza en el PerĂº:
264 _bINEI
942 _cLIB
999 _c12577
_d12577